Devine le pays - Statistiques

Statistiques générales
  • Ce quiz a été pris 76 fois
  • Le résultat moyen est 10 sur 14
Statistiques - réponses
Hint Réponse % Correct
Pays où se trouve la ville de Casablanca Maroc
97%
Pays qui a inventé Jetpunk États-Unis
93%
Pays le plus petit du monde Vatican
93%
Pays qui a pour capitale Lima Perou
87%
Pays qui partage une frontière terrestre avec le Royaume Uni Irlande
84%
Pays qui a inventé le stylo 4 couleurs France
83%
Il se situe entre la Suisse et l' Autriche Liechtenstein
79%
C'était un territoire français avant de devenir indépendant en 1962 Algérie
74%
Pays qui a une longueur de 4 300 km Chili
67%
Il est enclavé dans l' Afrique du sud Lesotho
67%
Sa capitale est Mascate Oman
44%
Pays qui a inventé la ceinture de sécurité 3 points Suède
41%
Pays où le saxophone a été inventé Belgique
36%
Pays qui n'a jamais été en guerre Islande
23%
Aucun quiz correspondant
Distribution des résultats
% des personnes avec chaque résultat
Percentile par nombre de réponses
Votre historique - résultats
Vous n’avez pas pris ce quiz